| 000 | 00581nam a22001931a 4500 | ||
|---|---|---|---|
| 001 | 18226 | ||
| 003 | OSt | ||
| 005 | 20260204212356.0 | ||
| 008 | 170508s2007||||ck ||||||b||||||||||spa|| | ||
| 020 | _a9589383351 | ||
| 082 | _a657.3 P413f | ||
| 100 | _aPerdomo Burgos, Álvaro | ||
| 245 | _aISO 9000: 2000 fundamentos financieros para el sistema de gestión de la calidad / Álvaro Perdomo Burgos | ||
| 264 | _aColombia : ICONTEC | ||
| 300 | _a132 P | ||
| 500 | _aIncluye Bigliografía | ||
| 650 | _aGESTIÓN DE LA CALIDAD 2.CONTABILIDAD-ESTADO FINANCIEROÌ | ||
| 942 |
_2ddc _cBK |
||
| 999 |
_c18226 _d18226 |
||